000 00470nam a2200181Ia 4500
001 20405
005 20260306172804.0
008 260306t2022||||xx |||||||||||||| ||spa||
041 _aESP
082 _a343.2C13
_bM97 2022 T. 4
100 _aMuro Rojo, Manuel
_eAUT
245 0 _aLa constitución comentada:
_banálisis artículo por artículo
260 _c2022
300 _a910 páginas :
_c25 cm.
650 _aGEN
654 _aCDE
942 _cLIB
_dJUS
_fJUS
_2ddc
_n
999 _c20405
_d20405